[Event "40th Olympiad Women"]
[Site "Istanbul TUR"]
[Date "2012.09.09"]
[Round "11.16"]
[Board "3"]
[White "Ziogaite, Jovita"]
[Black "Rudolf, Anna"]
[Result "0-1"]
[BlackTitle "WGM"]
[WhiteElo "2052"]
[BlackElo "2289"]
[WhiteTeam "Lithuania"]
[BlackTeam "Hungary"]
[WhiteFideId "12802573"]
[BlackFideId "722855"]
[EventDate "2012.08.28"]

1. e4 c6 2. d4 d5 3. Nd2 dxe4 4. Nxe4 Nf6 5. Nxf6+ gxf6 6. Bc4 Bf5 7. Nf3 Nd7 8.
Nh4 Bg6 9. f4 e6 10. c3 Nb6 11. Bb3 f5 12. Nxg6 hxg6 13. Qe2 Be7 14. Bd2 Bh4+
15. Kd1 Qd7 16. Kc2 O-O-O 17. Rhd1 Bf6 18. g3 Qc7 19. Rac1 Rh3 20. Kb1 Rdh8 21.
Rh1 Bg7 22. a4 Nd7 23. Qg2 Nf6 24. Bd1 Qa5 25. c4 Qb6 26. a5 Qxd4 27. Bc3 Qe4+
28. Qxe4 fxe4 29. Bc2 Rxh2 30. Rhg1 e3 31. Rce1 Rf2 32. Rxe3 Rhh2 33. Rc1 Ng4
34. Rd3 Bxc3 35. Rxc3 Re2 36. Rb3 Ne3 37. Bd3 Rd2 38. Be4 Nd1 39. Bc2 Nf2 40.
Ra3 a6 41. b4 Rd4 42. Rc3 Kd7 43. Re1 Kd6 44. Re2 Ng4 45. Rxh2 Nxh2 46. Kb2 Ng4
47. Kb3 e5 48. fxe5+ Nxe5 49. c5+ Ke6 50. Re3 f5 51. Kc3 Rd8 52. Re2 Rh8 53. Kd4
Kf6 54. Ke3 Rd8 55. Bb1 Rd1 56. Ba2 Rd3+ 57. Kf2 Rd4 58. Kg2 Rxb4 59. Rd2 Ra4
60. Rd6+ Kg5 61. Be6 Rxa5 62. Bc8 Rxc5 63. Bxb7 a5 64. Rd4 Rc2+ 65. Kf1 Rb2 66.
Ba6 Rb4 67. Rd2 a4 68. Ra2 c5 69. Be2 Nc4 70. Kf2 Nb2 71. Ke1 Rb3 72. Kd2 a3 73.
g4 f4 74. Ke1 f3 75. Ba6 Kxg4 76. Kf1 Kg3 77. Kg1 Nd3 78. Ra1 a2 79. Rf1 f2+ 0-1

[Event "40th Olympiad Women"]
[Site "Istanbul TUR"]
[Date "2012.09.09"]
[Round "11.16"]
[Board "4"]
[White "Papp, Petra"]
[Black "Paulauskaite, Gintare"]
[Result "1-0"]
[WhiteTitle "WGM"]
[WhiteElo "2302"]
[BlackElo "2053"]
[WhiteTeam "Hungary"]
[BlackTeam "Lithuania"]
[WhiteFideId "739049"]
[BlackFideId "12802964"]
[EventDate "2012.08.28"]

1. e4 e6 2. d4 d5 3. Nc3 Nf6 4. e5 Nfd7 5. f4 c5 6. Nf3 Nc6 7. Be3 cxd4 8. Nxd4
Qb6 9. Qd2 Qxb2 10. Rb1 Qa3 11. Bb5 Nxd4 12. Bxd4 Bb4 13. Rb3 Qa5 14. a3 Be7 15.
Qe3 O-O 16. O-O b6 17. f5 exf5 18. Nxd5 Bc5 19. Nf6+ Nxf6 20. exf6 Bxd4 21. Qxd4
g5 22. Qe3 f4 23. Qf3 Be6 24. Qh5 Kh8 25. Bd3 Qc5+ 26. Rf2 Bf5 27. Rb5 Bg6 28.
Qh6 Rg8 29. Rxc5 bxc5 30. h4 Bxd3 31. cxd3 Rg6 32. Qh5 Rag8 33. hxg5 Rxg5 34.
Qxf7 f3 35. Qe7 1-0

[Event "40th Olympiad Women"]
[Site "Istanbul TUR"]
[Date "2012.09.09"]
[Round "11.17"]
[Board "1"]
[White "Peng, Zhaoqin"]
[Black "Caoili, Arianne"]
[Result "0-1"]
[WhiteTitle "GM"]
[BlackTitle "WIM"]
[WhiteElo "2411"]
[BlackElo "2204"]
[WhiteTeam "Netherlands"]
[BlackTeam "Australia"]
[WhiteFideId "1004786"]
[BlackFideId "5201179"]
[EventDate "2012.08.28"]

1. d4 Nf6 2. c4 c5 3. d5 e5 4. Nc3 d6 5. e4 Be7 6. g3 Nbd7 7. Bg2 h5 8. h4 g6 9.
Nh3 Bf8 10. Qe2 Bh6 11. Ng5 Qe7 12. Bd2 Nh7 13. f4 Ndf6 14. fxe5 dxe5 15. O-O-O
Bg4 16. Bf3 Bxg5 17. hxg5 Bxf3 18. Qxf3 Ng4 19. Rh4 O-O-O 20. Kb1 Rhf8 21. Rxg4
hxg4 22. Qxg4+ Qd7 23. Qh4 Rh8 24. Qh2 b6 25. Qf2 Qe7 26. Be3 Nf8 27. Rf1 Rh7
28. Nb5 Kb8 29. Qc2 a6 30. Nc3 Rc8 31. Qb3 Nd7 32. a3 Rh3 33. Rf3 Kb7 34. Ka2
Rh2 35. Qd1 Rch8 36. Qa4 Rc8 37. Qb3 Rh7 38. Na4 Qd6 39. Bd2 Kc7 40. Qd1 Kd8 41.
Nc3 b5 42. cxb5 axb5 43. Nxb5 Qa6 44. Qf1 Ke7 45. Bc3 Kf8 46. b3 Kg8 47. Bb2 Rb8
48. a4 Rc8 49. Na3 Qxf1 50. Rxf1 Rh5 51. Nc4 Rxg5 52. Rf3 f6 53. a5 Ra8 54. Ka3
Kg7 55. Ka4 Rb8 56. Ba3 Rg4 57. Re3 f5 58. exf5 gxf5 59. Bb2 Rxc4+ 60. bxc4 Rxb2
61. Rb3 Rxb3 62. Kxb3 0-1

[Event "40th Olympiad Women"]
[Site "Istanbul TUR"]
[Date "2012.09.09"]
[Round "11.17"]
[Board "2"]
[White "Guo, Emma"]
[Black "Schut, Lisa"]
[Result "0-1"]
[WhiteTitle "WIM"]
[BlackTitle "WIM"]
[WhiteElo "2004"]
[BlackElo "2305"]
[WhiteTeam "Australia"]
[BlackTeam "Netherlands"]
[WhiteFideId "3200795"]
[BlackFideId "1019481"]
[EventDate "2012.08.28"]

1. e4 e6 2. d4 d5 3. exd5 exd5 4. Bd3 c5 5. dxc5 Bxc5 6. Nf3 Nf6 7. O-O O-O 8.
Bg5 h6 9. Bh4 g5 10. Bg3 Ne4 11. c4 Nxg3 12. hxg3 g4 13. Nfd2 dxc4 14. Bxc4 Nc6
15. Qc2 Bd4 16. Nc3 Bg7 17. Nb3 Qf6 18. Rfe1 Bf5 19. Qe2 Rad8 20. Rad1 Rxd1 21.
Rxd1 Qe5 22. Qxe5 Nxe5 23. Be2 Kh7 24. Nb5 b6 25. N3d4 Be4 26. Nxa7 Ra8 27. Ndb5
Bf8 28. Rc1 Bc5 29. a3 Bd3 30. Kf1 Bxe2+ 31. Kxe2 Re8 32. Kf1 Nd3 33. Rd1 Nxf2
34. Rd7 Ne4 35. Rd3 Bf2 36. Nc3 Bc5 37. Nxe4 Rxe4 38. Nb5 Kg6 39. Nc3 Re5 40.
Nd5 Rf5+ 41. Nf4+ Kg5 42. b4 Bf8 43. Rd5 Bg7 44. b5 Rxd5 45. Nxd5 Bd4 46. a4 Kf5
47. Ne7+ Ke6 48. Nc6 Bc5 49. Nd8+ Ke7 50. Nc6+ Kd6 51. Nd8 f5 52. Ke2 Kd5 53.
Nf7 h5 54. Nh6 Ke4 55. Nf7 Bb4 56. Ng5+ Kd5 57. Ke3 Bd6 58. Kf2 Be7 59. Nf7 Ke6
60. Nh6 Bf8 61. a5 bxa5 62. b6 Bc5+ 63. Ke2 Bxb6 0-1

[Event "40th Olympiad Women"]
[Site "Istanbul TUR"]
[Date "2012.09.09"]
[Round "11.17"]
[Board "3"]
[White "Haast, Anne"]
[Black "Nguyen, Thu Giang"]
[Result "1-0"]
[WhiteTitle "WIM"]
[WhiteElo "2235"]
[BlackElo "2105"]
[WhiteTeam "Netherlands"]
[BlackTeam "Australia"]
[WhiteFideId "1017292"]
[BlackFideId "12400980"]
[EventDate "2012.08.28"]

1. e4 d5 2. exd5 Qxd5 3. Nc3 Qa5 4. Nf3 Nf6 5. g3 Bg4 6. Bg2 e6 7. h3 Bh5 8. O-O
Be7 9. Re1 Nbd7 10. g4 Bg6 11. d3 c6 12. Bf4 O-O 13. Qd2 Qd8 14. Bg3 Nd5 15. Ne2
c5 16. c4 Nb4 17. Nf4 Nc6 18. h4 e5 19. Nd5 f6 20. h5 Bf7 21. Nh4 Nb6 22. Nxe7+
Nxe7 23. Qe2 Qd7 24. Qe4 Nc6 25. Nf5 Rad8 26. Rad1 Nb4 27. a3 Nc6 28. b3 Rfe8
29. Bh4 Re6 30. Qf3 Nd4 31. Nxd4 Qxd4 32. Re4 Qd7 33. g5 f5 34. Qxf5 Bxh5 35.
Bh3 Rde8 36. Bg4 Bg6 37. Qf3 Bxe4 38. Qxe4 Qf7 39. Bxe6 Rxe6 40. Re1 Qh5 41. Qf5
Qf7 42. Qg4 Re8 43. Bg3 Nd7 44. Qe4 Nf8 45. f4 exf4 46. Qxe8 fxg3 47. Qxf7+ Kxf7
48. Kg2 Ne6 49. Re5 b6 50. Kxg3 a5 51. b4 axb4 52. axb4 Ke7 53. bxc5 bxc5 54.
Kf3 Kd6 55. Rd5+ Ke7 56. Ke4 Kf7 57. Kf5 g6+ 58. Ke4 Ke7 59. Re5 Kd6 60. Rxe6+
Kxe6 61. d4 cxd4 62. Kxd4 Kd6 63. Ke4 Kc5 64. Ke5 Kxc4 65. Kf6 Kd5 66. Kg7 Ke6
67. Kxh7 Kf7 68. Kh6 Kf8 69. Kxg6 Kg8 70. Kh6 Kh8 71. g6 1-0

[Event "40th Olympiad Women"]
[Site "Istanbul TUR"]
[Date "2012.09.09"]
[Round "11.17"]
[Board "4"]
[White "Dekic, Biljana N."]
[Black "Van Weersel, Arlette"]
[Result "0-1"]
[WhiteTitle "WIM"]
[BlackTitle "WIM"]
[WhiteElo "2104"]
[BlackElo "2151"]
[WhiteTeam "Australia"]
[BlackTeam "Netherlands"]
[WhiteFideId "3200493"]
[BlackFideId "1009877"]
[EventDate "2012.08.28"]

1. e4 e5 2. Nf3 Nc6 3. Bb5 a6 4. Ba4 Nf6 5. O-O Be7 6. Re1 b5 7. Bb3 d6 8. c3
O-O 9. h3 Na5 10. Bc2 c5 11. d4 Qc7 12. a4 b4 13. Nbd2 Re8 14. d5 Bf8 15. c4 g6
16. b3 Nh5 17. Nf1 Bg7 18. Rb1 h6 19. Kh2 Bd7 20. Ng1 Rf8 21. Ne3 Rae8 22. Rf1
Qc8 23. g3 Nf6 24. f3 Kh7 25. Qe2 Qd8 26. Bd2 Nh5 27. Ng2 Kg8 28. Rbe1 f5 29.
exf5 Bxf5 30. Bxf5 gxf5 31. g4 Nf6 32. Qd1 Nh7 33. Ne2 f4 34. Nc1 Bf6 35. Qc2
Kg7 36. Re2 Bh4 37. Be1 Bxe1 38. Rfxe1 e4 39. Rxe4 Ng5 40. Rxe8 Nxf3+ 41. Kh1
Rxe8 42. Rf1 Nd4 43. Qd3 f3 44. Nf4 Qg5 45. Nh5+ Kh8 46. Qd1 Qe3 47. Ng3 Naxb3
48. Nxb3 Qxb3 49. Qc1 Qe3 50. Qb1 Qd2 51. Rg1 Qc2 52. Qf1 f2 0-1

[Event "40th Olympiad Women"]
[Site "Istanbul TUR"]
[Date "2012.09.09"]
[Round "11.18"]
[Board "3"]
[White "Kochetkova, Julia"]
[Black "Kaya, Emel"]
[Result "1-0"]
[WhiteTitle "WGM"]
[BlackTitle "WCM"]
[WhiteElo "2305"]
[BlackElo "1974"]
[WhiteTeam "Slovakia"]
[BlackTeam "Turkey"]
[WhiteFideId "4139690"]
[BlackFideId "6306411"]
[EventDate "2012.08.28"]

1. e4 e5 2. Nf3 Nc6 3. d4 exd4 4. Nxd4 Bc5 5. Nb3 Bb4+ 6. c3 Be7 7. f4 Nf6 8. e5
Ng8 9. Qg4 g5 10. Qg3 d6 11. Bc4 g4 12. O-O f5 13. Rd1 a6 14. Qe3 Kf8 15. Na3
Bd7 16. Nc2 Qe8 17. Ncd4 Qg6 18. Qe2 Re8 19. Be3 b5 20. Nxc6 Bxc6 21. Bd3 Nh6
22. c4 Nf7 23. cxb5 axb5 24. Nd4 Bd7 25. Qc2 dxe5 26. Nxf5 Qc6 27. Nxe7 Qxc2 28.
Bxc2 Rxe7 29. Bc5 Nd6 30. fxe5 Rxe5 31. Bd4 1-0

[Event "40th Olympiad Women"]
[Site "Istanbul TUR"]
[Date "2012.09.09"]
[Round "11.18"]
[Board "4"]
[White "Cemhan, Kardelen"]
[Black "Mrvova, Alena"]
[Result "0-1"]
[WhiteTitle "WCM"]
[BlackTitle "WIM"]
[WhiteElo "1938"]
[BlackElo "2241"]
[WhiteTeam "Turkey"]
[BlackTeam "Slovakia"]
[WhiteFideId "6325670"]
[BlackFideId "14902036"]
[EventDate "2012.08.28"]

1. e4 c5 2. Nf3 d6 3. d4 cxd4 4. Nxd4 Nf6 5. Nc3 a6 6. Bg5 e6 7. Qd2 Be7 8.
O-O-O h6 9. Be3 Qc7 10. f3 Nc6 11. Kb1 Bd7 12. g4 Nxd4 13. Bxd4 Bc6 14. Bxf6
gxf6 15. Bd3 O-O-O 16. Rhe1 Kb8 17. f4 h5 18. h3 hxg4 19. hxg4 d5 20. exd5 exd5
21. a3 Bd6 22. f5 Bf4 23. Qe2 Be5 24. Qd2 Qb6 25. Ka1 Rh4 26. g5 Bf4 27. Qe2
fxg5 28. Qe7 Qc7 29. f6 Bd6 30. Qxc7+ Kxc7 31. Rg1 Rg8 32. Rde1 Rh6 33. Rgf1 g4
34. Rf5 g3 35. Ne2 g2 36. Ng1 Rh1 0-1

[Event "40th Olympiad Women"]
[Site "Istanbul TUR"]
[Date "2012.09.09"]
[Round "11.19"]
[Board "1"]
[White "Franciskovic, Borka"]
[Black "Real Pereyra, Diana Carime"]
[Result "1/2-1/2"]
[WhiteTitle "WIM"]
[BlackTitle "WFM"]
[WhiteElo "2258"]
[BlackElo "2075"]
[WhiteTeam "Croatia"]
[BlackTeam "Mexico"]
[WhiteFideId "14507943"]
[BlackFideId "5104106"]
[EventDate "2012.08.28"]

1. c4 e5 2. Nc3 Nf6 3. Nf3 Nc6 4. g3 d5 5. cxd5 Nxd5 6. Bg2 Nf6 7. O-O h6 8. d3
Bc5 9. Na4 Bb6 10. Nxb6 axb6 11. b3 O-O 12. Bb2 Re8 13. Qc1 Nd4 14. Re1 c6 15.
Nxd4 exd4 16. b4 Be6 17. a3 Qd7 18. Qf4 c5 19. Rac1 Rac8 20. Qd2 Bd5 21. e4 dxe3
22. fxe3 Bxg2 23. Kxg2 Qd5+ 24. Kg1 Ne4 25. Qe2 Ng5 26. e4 Qd6 27. bxc5 bxc5 28.
Rf1 c4 29. Rfd1 cxd3 30. Qxd3 Qxd3 31. Rxd3 Rxc1+ 32. Bxc1 Nxe4 33. Be3 Re7 34.
Rb3 Kh7 35. Kg2 Nf6 36. Bd4 Ne4 37. Be3 Kg6 38. Kf3 f5 39. Rb6+ Kf7 40. h4 Nc3
41. Bd4 Ne4 1/2-1/2

[Event "40th Olympiad Women"]
[Site "Istanbul TUR"]
[Date "2012.09.09"]
[Round "11.19"]
[Board "2"]
[White "Garcia Morales, Ivette Ale"]
[Black "Golubenko, Valentina"]
[Result "1-0"]
[BlackTitle "WGM"]
[WhiteElo "2014"]
[BlackElo "2297"]
[WhiteTeam "Mexico"]
[BlackTeam "Croatia"]
[WhiteFideId "5105994"]
[BlackFideId "4501993"]
[EventDate "2012.08.28"]

1. d4 c5 2. d5 d6 3. Nc3 e6 4. e4 exd5 5. Nxd5 Nf6 6. Bg5 Be7 7. Nxe7 Qxe7 8.
Bb5+ Bd7 9. Bxd7+ Nbxd7 10. Ne2 O-O 11. f3 Qe5 12. Bf4 Qxb2 13. O-O Rfd8 14. Qd2
Nb6 15. Rfb1 Qa3 16. Bg5 Nbd7 17. Rxb7 Qa6 18. Rb2 d5 19. exd5 Ne5 20. Nc3 Rd6
21. Bxf6 Rxf6 22. Rab1 h6 23. Rb8+ Rxb8 24. Rxb8+ Kh7 25. Qe3 Qd6 26. Rb5 Rg6
27. Kh1 a6 28. Rb7 Qf6 29. Ne4 Qh4 30. Rb1 f5 31. Nxc5 Nc4 32. Qe2 Na3 33. Rd1
Nb5 34. Ne6 Qf6 35. Qc4 Nc3 36. Re1 Nb5 37. Qc8 h5 38. Nf8+ Kh6 39. Nxg6 Nd6 40.
Qh8+ 1-0

[Event "40th Olympiad Women"]
[Site "Istanbul TUR"]
[Date "2012.09.09"]
[Round "11.19"]
[Board "3"]
[White "Medic, Mirjana"]
[Black "Guerrero Rodriguez, Alejandra"]
[Result "1-0"]
[WhiteTitle "WGM"]
[BlackTitle "WIM"]
[WhiteElo "2185"]
[BlackElo "2072"]
[WhiteTeam "Croatia"]
[BlackTeam "Mexico"]
[WhiteFideId "14501619"]
[BlackFideId "5104297"]
[EventDate "2012.08.28"]

1. d4 Nf6 2. c4 e6 3. Nc3 d5 4. Nf3 dxc4 5. e3 c5 6. Bxc4 Nc6 7. O-O cxd4 8.
exd4 Be7 9. Bg5 O-O 10. Rc1 a6 11. Bb3 Na5 12. Bc2 b5 13. Qd3 g6 14. Ne5 Bb7 15.
Rfe1 Rc8 16. a3 Nc4 17. Rb1 Nd5 18. Bxe7 Qxe7 19. Nxd5 Bxd5 20. Nxc4 Bxc4 21.
Qd2 Rfd8 22. Rbd1 Qf6 23. Qe3 Bd5 24. Rd2 Rc6 25. h3 Rcd6 26. Red1 Kg7 27. Qe5
h5 28. h4 Bb7 29. Qxf6+ Kxf6 30. f3 Bd5 31. Kf2 Rc8 32. Ke3 Rdc6 33. Be4 Rc1 34.
Rxc1 Rxc1 35. Kf4 Bb3 36. g3 Rd1 37. Rxd1 Bxd1 38. b4 Ke7 39. Bb7 Kd6 40. g4 Kc7
41. Be4 hxg4 42. fxg4 Bxg4 43. Bxg6 Be2 44. Bxf7 Kd6 45. Bg6 Kd5 46. Ke3 Bg4 47.
h5 e5 48. dxe5 Kxe5 49. h6 Kf6 50. h7 Kg7 51. Kd4 Be2 52. Kc5 Bf1 53. Kb6 Bc4
54. Be4 Be2 55. Kxa6 Bc4 56. Kb6 Be2 57. Kc5 Bf1 58. Kd4 Be2 59. Bd3 Bh5 60. Ke4 1-0

[Event "40th Olympiad Women"]
[Site "Istanbul TUR"]
[Date "2012.09.09"]
[Round "11.19"]
[Board "4"]
[White "Mendoza Velazquez, Lorena Alejan"]
[Black "Berke, Ana"]
[Result "1-0"]
[WhiteTitle "WIM"]
[BlackTitle "WFM"]
[WhiteElo "1993"]
[BlackElo "2160"]
[WhiteTeam "Mexico"]
[BlackTeam "Croatia"]
[WhiteFideId "5101794"]
[BlackFideId "14510359"]
[EventDate "2012.08.28"]

1. d4 Nf6 2. Nf3 e6 3. g3 c5 4. Bg2 Nc6 5. O-O Be7 6. c4 cxd4 7. Nxd4 O-O 8. Nc3
a6 9. Nc2 d6 10. e4 Bd7 11. Be3 Qa5 12. Qe2 Rfc8 13. f4 Rab8 14. Rfd1 Be8 15. a3
b5 16. b4 Qc7 17. e5 dxe5 18. c5 exf4 19. Bxf4 e5 20. Bg5 Rd8 21. Bxf6 Bxf6 22.
Nd5 Rxd5 23. Bxd5 Nd4 24. Nxd4 exd4 25. Qf3 Rd8 26. Be4 Bg5 27. Rd3 Be3+ 28. Kg2
Bd7 29. Rad1 Re8 30. Bd5 Be6 31. Bxe6 fxe6 32. Rf1 h6 33. Rdd1 Rc8 34. Qe4 Qe7
35. Rf3 e5 36. Qd5+ Kh7 37. Rf7 Qg5 38. Rdf1 Rd8 39. Qe4+ Kg8 40. R1f5 Qg6 41.
Rf8+ 1-0

[Event "40th Olympiad Women"]
[Site "Istanbul TUR"]
[Date "2012.09.09"]
[Round "11.20"]
[Board "1"]
[White "Kulovana, Eva"]
[Black "Feliciano Ebert, Vanessa"]
[Result "0-1"]
[WhiteTitle "WGM"]
[BlackTitle "WFM"]
[WhiteElo "2259"]
[BlackElo "2231"]
[WhiteTeam "Czech Republic"]
[BlackTeam "Brazil"]
[WhiteFideId "318779"]
[BlackFideId "2114160"]
[EventDate "2012.08.28"]

1. e4 c5 2. Nf3 Nc6 3. Bb5 g6 4. Bxc6 dxc6 5. d3 Bg7 6. h3 Nf6 7. Nc3 Nd7 8. Be3
e5 9. Qd2 Qe7 10. Bh6 f6 11. Nh2 Bxh6 12. Qxh6 Nf8 13. f4 exf4 14. Qxf4 Ne6 15.
Qd2 Nd4 16. O-O Be6 17. Nd1 O-O-O 18. Ne3 h5 19. Rf2 c4 20. Qa5 cxd3 21. Qxa7
Ne2+ 22. Kh1 Ng3+ 23. Kg1 Nxe4 24. Rf4 Bf7 25. cxd3 Rxd3 26. Re1 Rhd8 27. b4 f5
28. a3 Qe5 29. Rf3 Qb2 30. Nxf5 gxf5 31. Qa8+ Kc7 32. Qa5+ Kb8 33. Qxf5 Qd4+ 34.
Rfe3 Rxe3 35. Qf4+ Ka8 36. Rxe3 Nd2 37. Qf2 Nc4 38. Rf3 Qxf2+ 39. Kxf2 Rd2+ 40.
Kg3 Bd5 41. Rf8+ Ka7 42. Nf3 Ra2 43. Rh8 Ne3 44. Nd4 Rxa3 45. Kf4 Nxg2+ 46. Ke5
Rxh3 47. b5 Re3+ 48. Kd6 Rd3 49. Kc5 Rc3+ 50. Kd6 h4 51. Nf5 h3 52. Ne7 Kb6 53.
bxc6 Bxc6 54. Nc8+ Ka5 55. Ne7 Be4 56. Ke5 Bc6 57. Kd4 Kb4 58. Nxc6+ Rxc6 59.
Rxh3 Rd6+ 60. Ke4 b5 61. Rh2 Rd2 62. Rh1 Kc3 63. Kf3 b4 0-1

[Event "40th Olympiad Women"]
[Site "Istanbul TUR"]
[Date "2012.09.09"]
[Round "11.20"]
[Board "3"]
[White "Havlikova, Kristyna"]
[Black "Guimaraes, Artemis Pamela"]
[Result "1-0"]
[WhiteTitle "WIM"]
[WhiteElo "2298"]
[BlackElo "1996"]
[WhiteTeam "Czech Republic"]
[BlackTeam "Brazil"]
[WhiteFideId "309672"]
[BlackFideId "2121107"]
[EventDate "2012.08.28"]

1. e4 e5 2. Nf3 Nc6 3. Bb5 a6 4. Ba4 Nf6 5. O-O Be7 6. Re1 b5 7. Bb3 O-O 8. c3
d6 9. h3 Na5 10. Bc2 c5 11. d4 Qc7 12. Nbd2 cxd4 13. cxd4 Nc6 14. a3 exd4 15.
Nb3 d3 16. Bxd3 Ne5 17. Bb1 Bb7 18. Bd2 Rfe8 19. Bc3 Rac8 20. Nfd4 Bf8 21. Na5
Ba8 22. Kh1 Qb6 23. Qd2 Ng6 24. f3 d5 25. e5 Nxe5 26. Nf5 Nc4 27. Rxe8 Rxe8 28.
Nxc4 dxc4 29. Qg5 Kh8 30. Nh6 Re1+ 31. Bxe1 gxh6 32. Qf5 Qe6 33. Bc3 Qxf5 34.
Bxf5 Bg7 35. Rd1 Nd5 36. Be4 Bxc3 37. bxc3 Nxc3 38. Rd8+ Kg7 39. Rxa8 Nxe4 40.
fxe4 Kf6 41. Rxa6+ Ke5 42. Rb6 c3 43. Rxb5+ Kxe4 44. Rc5 1-0

[Event "40th Olympiad Women"]
[Site "Istanbul TUR"]
[Date "2012.09.09"]
[Round "11.20"]
[Board "4"]
[White "Chang, Suzana"]
[Black "Olsarova, Tereza"]
[Result "0-1"]
[WhiteTitle "WFM"]
[BlackTitle "WIM"]
[WhiteElo "2006"]
[BlackElo "2241"]
[WhiteTeam "Brazil"]
[BlackTeam "Czech Republic"]
[WhiteFideId "2105985"]
[BlackFideId "325449"]
[EventDate "2012.08.28"]

1. d4 d5 2. c4 e6 3. Nc3 c6 4. cxd5 exd5 5. Nf3 Bf5 6. Bf4 Bd6 7. Bxd6 Qxd6 8.
e3 Nf6 9. Bd3 Ne4 10. Bxe4 dxe4 11. Nd2 Qg6 12. g4 Bxg4 13. Qb3 O-O 14. Rg1 Na6
15. h3 Be6 16. Rxg6 Bxb3 17. Rg3 Bd5 18. Ndxe4 Bxe4 19. Nxe4 f5 20. Nc3 f4 21.
Rf3 fxe3 22. Rxe3 Rf4 23. Re7 b6 24. Rd1 Kf8 25. Rd7 Re8+ 26. Kf1 Rf7 27. Rxf7+
Kxf7 28. d5 cxd5 29. Rxd5 Re7 30. Rd8 Nc5 31. Nb5 Kf6 32. Rd2 Ne4 33. Rc2 Ke5
34. Kg2 Rd7 35. f3 Nc5 36. Re2+ Kf5 37. Kg3 Na4 38. b3 Nc5 39. Na3 Ne6 40. Nc4
g5 41. Re5+ Kf6 42. h4 gxh4+ 43. Kxh4 Nd4 44. Rh5 Nxf3+ 45. Kg4 Nd4 46. Rh2 Rg7+
47. Kf4 Ne6+ 48. Ke4 Rg4+ 49. Kd5 h5 50. Ne3 Rd4+ 51. Kc6 Nf4 52. Nc4 Kf5 53.
Kb7 Rd7+ 54. Ka6 Rh7 55. a4 Nd3 56. Nd6+ Kg4 57. Nb7 Nc5+ 58. Nxc5 bxc5 59. Kb5
Rb7+ 60. Kxc5 Rxb3 61. Rd2 Rc3+ 62. Kd6 Rc4 63. a5 Ra4 0-1

[Event "40th Olympiad Women"]
[Site "Istanbul TUR"]
[Date "2012.09.09"]
[Round "11.21"]
[Board "1"]
[White "Sop, Selen"]
[Black "Nguyen, Thi Mai Hung"]
[Result "0-1"]
[WhiteTitle "WCM"]
[BlackTitle "WIM"]
[WhiteElo "1993"]
[BlackElo "2212"]
[WhiteTeam "Turkey 2016"]
[BlackTeam "Vietnam"]
[WhiteFideId "6300278"]
[BlackFideId "12401676"]
[EventDate "2012.08.28"]

1. e4 c5 2. Nf3 Nc6 3. Bb5 g6 4. O-O Bg7 5. Re1 Qc7 6. Nc3 Nd4 7. Nd5 Qd8 8. Bc4
e6 9. Ne3 Ne7 10. c3 Nxf3+ 11. Qxf3 O-O 12. d3 Nc6 13. Ng4 f5 14. Nh6+ Kh8 15.
Qg3 d5 16. Bb3 fxe4 17. dxe4 c4 18. exd5 exd5 19. Bc2 d4 20. Bg5 Bf6 21. h4 d3
22. Bd1 Bd7 23. Bf3 Bxg5 24. hxg5 Qb8 25. Qxb8 Raxb8 26. a4 Rbe8 27. Bd5 Na5 28.
Nf7+ Kg7 29. Nd6 Rxe1+ 30. Rxe1 d2 31. Rd1 Bxa4 32. Rxd2 Rd8 33. Bxc4 Rxd6 34.
Rxd6 Nxc4 35. Rd4 Nb6 36. c4 Bc6 37. b4 a6 38. b5 axb5 39. cxb5 Bd5 40. f3 Kf7
41. Rh4 Kg7 42. Kf2 Nc8 43. Rd4 Ne7 44. Ke2 h5 45. gxh6+ Kxh6 46. Kd3 Kg5 47.
Rg4+ Kf6 48. Kd4 b6 49. Rf4+ Ke6 50. g4 Bb7 51. Rf8 Bc8 52. Kc4 Bd7 53. f4 Nc8
54. g5 Nd6+ 55. Kb4 Be8 56. Rg8 Kf7 57. Rh8 Kg7 58. Rh1 Kf7 59. Re1 Nxb5 60. Re5
Nd6 61. Kc3 Bc6 62. Kd4 Nf5+ 63. Kc4 Ne7 64. Kd4 Bd7 65. Kc4 Ke8 66. Re1 Kd8 67.
Kd4 Bf5 68. Ke5 Kc7 69. Kf6 Nc6 70. Rh1 b5 71. Rh7+ Kb6 72. Rg7 b4 73. Rxg6 Bxg6
74. Kxg6 b3 75. Kf6 b2 76. g6 b1=Q 77. g7 Qb3 0-1

[Event "40th Olympiad Women"]
[Site "Istanbul TUR"]
[Date "2012.09.09"]
[Round "11.21"]
[Board "2"]
[White "Le, Kieu Thien Kim"]
[Black "Arig, Busra"]
[Result "1-0"]
[WhiteTitle "WIM"]
[WhiteElo "2226"]
[BlackElo "1864"]
[WhiteTeam "Vietnam"]
[BlackTeam "Turkey 2016"]
[WhiteFideId "12400572"]
[BlackFideId "6309356"]
[EventDate "2012.08.28"]

1. d4 d5 2. Nf3 Nf6 3. c4 e6 4. Nc3 Be7 5. cxd5 exd5 6. Bg5 O-O 7. Qc2 Nbd7 8.
e3 b6 9. Bd3 Bb7 10. O-O h6 11. Bf4 a6 12. h3 Rc8 13. Qe2 b5 14. Rfd1 Ne4 15.
Rac1 Ndf6 16. Ne5 Re8 17. a4 Nxc3 18. Rxc3 bxa4 19. Nc6 Bxc6 20. Rxc6 a3 21.
Bxa6 Ra8 22. bxa3 Bxa3 23. Bxc7 Qe7 24. Bf4 Ra7 25. Rb1 Ne4 26. Qg4 Qd7 27. Qxd7
Rxd7 28. f3 Nf6 29. Rb3 Bf8 30. Bb7 Nh5 31. Be5 Rde7 32. Kf2 Re6 33. Rcc3 Nf6
34. Rb5 Rd8 35. Bc7 Rde8 36. Bxd5 Nxd5 37. Rxd5 Bb4 38. Rb3 Rc6 39. Rxb4 Rxc7
40. Rc5 Ra7 41. Rc2 Ra1 42. e4 Rea8 43. Rbb2 Rd1 44. Rd2 Rc1 45. Rbc2 Rb1 46. d5
Kf8 47. d6 Ke8 48. Rc7 Rd8 49. e5 Rb4 50. Ra2 g5 51. Raa7 Rb2+ 52. Kg3 Re2 53.
Re7+ Kf8 54. Rxf7+ Kg8 55. Rg7+ Kf8 56. Raf7+ Ke8 57. d7+ 1-0

[Event "40th Olympiad Women"]
[Site "Istanbul TUR"]
[Date "2012.09.09"]
[Round "11.21"]
[Board "3"]
[White "Patel, Yesim"]
[Black "Hoang, Thi Nhu Y"]
[Result "0-1"]
[BlackTitle "WIM"]
[WhiteElo "1845"]
[BlackElo "2228"]
[WhiteTeam "Turkey 2016"]
[BlackTeam "Vietnam"]
[WhiteFideId "6300200"]
[BlackFideId "12401455"]
[EventDate "2012.08.28"]

1. e4 c6 2. d4 d5 3. Nc3 g6 4. h3 Bg7 5. Nf3 Nf6 6. e5 Nfd7 7. Bd3 e6 8. O-O c5
9. Re1 a6 10. dxc5 Nc6 11. Bf1 Nxc5 12. Bg5 Qc7 13. Bf6 O-O 14. Bxg7 Kxg7 15.
Qd2 b5 16. Qf4 Qe7 17. Ne2 Ne4 18. Ned4 Bd7 19. Nxc6 Bxc6 20. Nd4 Rac8 21. a4
Be8 22. f3 Nc5 23. axb5 axb5 24. Bxb5 Bxb5 25. Nxb5 Rb8 26. Ra7 Rb7 27. Rea1
Rfb8 28. b3 Nxb3 29. Rxb7 Rxb7 30. cxb3 Rxb5 31. Qe3 Qc5 32. Qxc5 Rxc5 33. b4
Rb5 34. Rb1 g5 35. Kf2 h5 36. Ke3 h4 37. f4 Kg6 38. fxg5 Kxg5 39. Kd4 f5 40. Rb3
f4 41. Rb2 f3 42. gxf3 Kf4 43. Rb3 Kg3 44. f4+ Kxf4 45. Rb1 Kg3 46. Ke3 Rb8 47.
b5 Kxh3 48. Kf4 Kg2 49. Rb2+ Kf1 50. Kg4 Ke1 51. Kxh4 d4 52. Kg5 d3 53. Kf6 Rb6
54. Ra2 d2 55. Ra6 Rxa6 56. bxa6 d1=Q 57. Kxe6 Qa1 58. Kf6 Ke2 59. a7 Ke3 0-1